A history of modernist literature / (Record no. 26888)
[ view plain ]
| 000 -LEADER | |
|---|---|
| fixed length control field | 02739cam a22003615a 4500 |
| 001 - CONTROL NUMBER | |
| control field | 18352443 |
| 003 - CONTROL NUMBER IDENTIFIER | |
| control field | EG-ScBUE |
| 005 - DATE AND TIME OF LATEST TRANSACTION | |
| control field | 20210322104825.0 |
| 008 - FIXED-LENGTH DATA ELEMENTS--GENERAL INFORMATION | |
| fixed length control field | 141029s2015 enk f b 001 0 eng d |
| 020 ## - INTERNATIONAL STANDARD BOOK NUMBER | |
| International Standard Book Number | 9781405177160 (hardcover) |
| 040 ## - CATALOGING SOURCE | |
| Original cataloging agency | DLC |
| Language of cataloging | eng |
| Description conventions | rda |
| Transcribing agency | DLC |
| Modifying agency | DLC |
| -- | EG-ScBUE |
| 043 ## - GEOGRAPHIC AREA CODE | |
| Geographic area code | e-uk-en |
| 082 04 - DEWEY DECIMAL CLASSIFICATION NUMBER | |
| Classification number | 820.9112 |
| Item number | GĄS |
| Edition number | 22 |
| 100 1# - MAIN ENTRY--PERSONAL NAME | |
| Personal name | Gąsiorek, Andrzej, |
| Dates associated with a name | 1960- |
| Relator term | author. |
| 9 (RLIN) | 41826 |
| 245 12 - TITLE STATEMENT | |
| Title | A history of modernist literature / |
| Statement of responsibility, etc | Andrzej Gąsiorek. |
| 264 #1 - PUBLICATION, DISTRIBUTION, ETC. (IMPRINT) | |
| Place of publication, distribution, etc | West Sussex, UK : |
| Name of publisher, distributor, etc | John Wiley and Sons, Ltd, |
| Date of publication, distribution, etc | 2015. |
| 300 ## - PHYSICAL DESCRIPTION | |
| Extent | xxi, 596 pages ; |
| Dimensions | 24 cm. |
| 336 ## - CONTENT TYPE | |
| Source | rdacontent |
| Content type term | text |
| Content type code | txt |
| 337 ## - MEDIA TYPE | |
| Source | rdamedia |
| Media type term | unmediated |
| Media type code | n |
| 338 ## - CARRIER TYPE | |
| Source | rdacarrier |
| Carrier type term | volume |
| Carrier type code | nc |
| 490 0# - SERIES STATEMENT | |
| Series statement | Blackwell history of literature |
| 504 ## - BIBLIOGRAPHY, ETC. NOTE | |
| Bibliography, etc | Includes bibliographical references and index. |
| 505 0# - FORMATTED CONTENTS NOTE | |
| Formatted contents note | Title Page; Copyright Page; Contents; Preface; Abbreviations; Introduction: Locating Modernism; Notes; Chapter 1 Early Modernism; The New Woman; Literary Impressionism; Debating Imperialism; Early Modernist Drama; Edward Gordon Craig and W.B. Yeats; The Modern Metropolis; Ford Madox Ford and The English Review; Notes; Chapter 2 'One Big Bloodless Brawl': Modernist Literature, 1910-1914; Introduction; Exploring the Machine Age; Poetry and the Renovation of Language; Imagism; Ford, Flint, and Eliot; Dubliners; Suffragettes, Feminists, and Egoists; Blast and Vorticism; Notes. Chapter 3 Modernism During WartimeIntroduction; Pacifism, Nationalism, and Community; Propaganda and Ideology; The Good Soldier; Portraits of the Male Artist; The Politics of Gender; Notes; Chapter 4 'A Haughty and Proud Generation': Modernist Literature, 1918-1930; Introduction; The Backwashes of War; Ulysses; The Waste Land; Remaking the Novel; A Future for the Avant-Garde?; Notes; Chapter 5 Modernism in the 1930s; Introduction; Modernity and Its Discontents; The Situation of Poetry; Modernism, Race, and Colonialism; The Festival Theatre and Group Theatre; Surrealism; Pound/Joyce; Notes. Chapter 6 Coda: Modernism's AfterlivesNotes; Index; EULA.<br/> |
| 520 ## - SUMMARY, ETC. | |
| Summary, etc | "A History of Modernist Literature offers a critical overview of modernism in England from the 1890s to the Second World War" |
| 650 #7 - SUBJECT ADDED ENTRY--TOPICAL TERM | |
| Topical term or geographic name as entry element | Modernism (Literature) |
| Geographic subdivision | England. |
| Source of heading or term | BUEsh |
| 651 ## - SUBJECT ADDED ENTRY--GEOGRAPHIC NAME | |
| Source of heading or term | BUEsh |
| 653 ## - INDEX TERM--UNCONTROLLED | |
| Resource For college | Humanities: English |
| Arrived date list | October2018 |
| 655 ## - INDEX TERM--GENRE/FORM | |
| Form subdivision | Reading book |
| 9 (RLIN) | 34232 |
| 776 08 - ADDITIONAL PHYSICAL FORM ENTRY | |
| Display text | Online version: |
| Main entry heading | G�asiorek, Andrzej, 1960- |
| Title | History of modernist literature |
| Edition | First edition. |
| Place, publisher, and date of publication | Hoboken : Wiley-Blackwell, 2015 |
| International Standard Book Number | 9781118607336 |
| Record control number | (DLC) 2014042851 |
| 856 42 - ELECTRONIC LOCATION AND ACCESS | |
| Materials specified | Cover image |
| Uniform Resource Identifier | <a href="http://catalogimages.wiley.com/images/db/jimages/9781405177160.jpg">http://catalogimages.wiley.com/images/db/jimages/9781405177160.jpg</a> |
| 942 ## - ADDED ENTRY ELEMENTS (KOHA) | |
| Source of classification or shelving scheme | Dewey Decimal Classification |
| Koha item type | Book - Borrowing |
| Withdrawn status | Lost status | Source of classification or shelving scheme | Damaged status | Not for loan | Collection code | Home library | Current library | Shelving location | Date acquired | Source of acquisition | Cost, normal purchase price | Total Checkouts | Full call number | Barcode | Date last seen | Koha item type | Total Renewals | Date checked out | Checked out |
|---|---|---|---|---|---|---|---|---|---|---|---|---|---|---|---|---|---|---|---|
| Dewey Decimal Classification | Baccah | Central Library | Central Library | Second Floor | 28/10/2018 | Purchase | 1650.00 | 820.9112 GĄS | 000043632 | 15/07/2025 | NB - Book (Non borrowing) | ||||||||
| Dewey Decimal Classification | Baccah | Central Library | Central Library | Second Floor | 28/10/2018 | Purchase | 1650.00 | 1 | 820.9112 GĄS | 000043633 | 15/07/2025 | Book - Borrowing | 9 | 18/01/2022 | |||||
| Dewey Decimal Classification | Baccah | Central Library | Central Library | Second Floor | 28/10/2018 | Purchase | 1650.00 | 2 | 820.9112 GĄS | 000043634 | 18/12/2019 | Book - Borrowing | 18/12/2019 | 18/01/2020 |